|
|
|
|
| LEADER |
00000cam a2200000 7i4500 |
| 001 |
0000004834 |
| 005 |
20151222.0 |
| 008 |
070731 |
| 020 |
|
|
|a 9831283228
|
| 090 |
0 |
0 |
|a JF
|b MOR JAW (4339)
|
| 245 |
0 |
0 |
|a Jasa Salim
|
| 260 |
|
|
|a Kuala Lumpur :
|b Penerbitan Fargoes ,
|c 2005
|
| 440 |
|
|
|a Siri kisah dan teladan
|
| 500 |
|
|
|a Children ages 7-9 years old (orange)
|
| 650 |
|
0 |
|a Junior fiction
|x jawi
|
| 650 |
|
0 |
|a Moral
|
| 999 |
|
|
|a 0000899547
|b Book
|c Children Collection
|e Cawangan Mersing
|
| 999 |
|
|
|a 0000899548
|b Book
|c Children Collection
|e Cawangan Mersing
|
| 999 |
|
|
|a 0000899551
|b Book
|c Children Collection
|e Cawangan Tangkak
|
| 999 |
|
|
|a 0000899552
|b Book
|c Children Collection
|e Cawangan Tangkak
|
| 999 |
|
|
|a 0000899556
|b Book
|c Children Collection
|e Cawangan Tmn. Ungku Tun Aminah
|
| 999 |
|
|
|a 0000978465
|b Book
|c Children Collection
|e Perbadanan Perpustakaan Awam Johor
|
| 999 |
|
|
|a 0000978466
|b Book
|c Children Collection
|e Cawangan Sri Merlong
|
| 999 |
|
|
|a 0000978467
|b Book
|c Children Collection
|e Perbadanan Perpustakaan Awam Johor
|
| 999 |
|
|
|a 0000978468
|b Book
|c Children Collection
|e Perbadanan Perpustakaan Awam Johor
|